• 首页
  • 本馆介绍
  • 公告通知
  • 最新文献
  • 馆藏检索
  • 电子资源
  • 读者导购
  • 参考咨询
  • 我的图书馆
  • 登录
  • 详细信息显示
  • 放入我的书架
  • 预约/预借图书
  • 作者相关作品
  • 分类相关作品
  • 丛书相关作品
  • 出版社相关作品

书目信息

  • 表格格式
  • 工作单格式
  • 卡片格式
题名:
日常接触
    
 
作者: 戈夫曼 著 ;徐江敏 译
分册:  
出版信息: 北京   华夏出版社  1990
页数: 144页
开本: 20cm
丛书名: 二十世纪文库
单 册:
中图分类: C91-06
科图分类:
主题词: 社会学学派 , 社会学学派--研究
电子资源:
ISBN: 7-80053-585-1
000 00672nam0 2200241 45
001 0405061497
005 20050610103613.3
010    @a7-80053-585-1@dCNY3.25
100    @a20040506d1990 km y0chiy0120 ea
101 0  @achi
105    @a z 000yy
200 1  @a日常接触@ARi Chang Jie Chu@f(美)戈夫曼著@F(Mei)Ge Fu Man Zhu@g徐江敏等译
210    @a北京@c华夏出版社@d1990
215    @a144页@d20cm
225    @a二十世纪文库
410    @12001 @a二十世纪文库
606 0  @a社会学学派
606 0  @a社会学学派@x研究
690    @aC91-06@v3
701  0 @a戈夫曼@4著
702  0 @a徐江敏@AXu Jiang Min@4译
801    @aCN@bPftUser@c20040506
905    @dC91-06@e173@f1@b257503
    
    日常接触/(美)戈夫曼著/徐江敏等译.-北京:华夏出版社,1990
    144页;20cm.-(二十世纪文库)
    
    
    ISBN 7-80053-585-1:CNY3.25
    
●
相关链接 在E读中查询图书 在五车中查询图书 在当当中查询图书 在豆瓣中查询图书


正题名:日常接触     索取号:C91-06/173         预约/预借

序号 登录号 条形码 馆藏地/架位号 状态 备注
1 0257503   002043381   第一样本阅览室/ [索取号:C91-06/173] 在馆    
2 0257504   000372518   密集书库/ [索取号:C91-06/173] 在馆    
3 0257505   000372509   密集书库/ [索取号:C91-06/173] 在馆    
唐山师范学院图书馆 欢迎您!
大连网信软件有限公司© 版权所有